00665nam a22002292a 450000100060000000300080000600500170001400800410003103500190007204000270009104100080011808200220012610000250014824500500017326000500022330000340027350400290030750400200033665100510035683000070040783000210041429249BD-RjUL20211209051405.0140402s1970 nyub b 001 0 eng d a(BD-RjUL)29334 aDLCcDLCdBD-RjULbeng aeng00a320.959bBUC 19701 aBuss, Claude Albert.10aContemporary Southeast Asia /cClaude A. Buss aNew York :bVan Nostrand Reinhold Co,cc1970. avii, 280 p. :bill. ;c20 cm. aBibliography: p. 273-276 aIncludes index. 0aSoutheast AsiaxPolitics and governmenty1945- 0v32 0aAnvil original ;